New Road and Street Works Act 1991: Part III (Record no. 103590)

MARC details
000 -LEADER
fixed length control field 00395cam a2200133 4500
008 - FIXED-LENGTH DATA ELEMENTS--GENERAL INFORMATION
fixed length control field 040521n2001 000 0 eng u
020 ## - INTERNATIONAL STANDARD BOOK NUMBER
International Standard Book Number 0117536229
035 ## - SYSTEM CONTROL NUMBER
System control number (Sirsi) u126253
110 ## - MAIN ENTRY--CORPORATE NAME
Corporate name or jurisdiction name as entry element Department for Transport, Local Government and the Region
245 ## - TITLE STATEMENT
Title New Road and Street Works Act 1991: Part III
260 ## - PUBLICATION, DISTRIBUTION, ETC.
Place of publication, distribution, etc. London
Name of publisher, distributor, etc. DTLR
Date of publication, distribution, etc. 2001
490 ## - SERIES STATEMENT
Series statement DTLR Circular 02/2001
942 ## - ADDED ENTRY ELEMENTS (KOHA)
Suppress in OPAC 0

No items available.